000 00659nam a22001937a 4500
003 koha_MIRAKIL
005 20241017130505.0
008 231213b |||||||| |||| 00| 0 ||| d
020 _a9786053746720
040 _aTR-IsEVY
_btur
_cTR-IsEVY
082 _aFIC RIE/T
100 _aRiemann, Marianne
245 0 _aTuna teyzenin evi kıpır kıpır /
_cMarianne Riemann ; resimleyen Miriam Bröllos.
260 _bFinal Kültür Sanat Yayınları,
_c2016.
_aİstanbul :
300 _a29 s. :
_brenkli resimli;
_c22X28 cm.
650 _aChildren's literature -- Short stories.
650 _aÇocuk edebiyatı -- Hikaye.
_vResimli Kitaplar.
942 _2ddc
_cBK
999 _c18055
_d18055